000 00481nam a22001817a 4500
003 KOHA_MİRAKIL
005 20260406103024.0
008 260406b tu ||||| |||| 00| 0 tur d
040 _aTR-AnABB
_btur
_cTR-AnABB
041 _atur
082 _a181.11
_bKON 2000
100 0 _aKonfüçyüs
245 1 0 _aKonuşmalar /
_cKonfüçyüs
260 _aİstanbul :
_bCumhuriyet Kitapevi,
_c2000
300 _a128 sayfa ;
_c20 cm
650 0 4 _aFelsefe
942 _2ddc
_cBK
999 _c10158
_d10158
900 _bCan ÇELIK